Gagnants de la ligue 2 depuis 2000 - Statistiques

Statistiques générales
  • Ce quiz a été pris 261 fois
    79 depuis la dernière actualisation
  • Le résultat moyen est 21 sur 27
Statistiques - réponses
Année Club % Correct
2018-2019 FC Metz
100%
2013-2014 FC Metz
100%
2006-2007 FC Metz
100%
2008-2009 RC Lens
95%
2022-2023 Le havre AC
92%
2007-2008 Le Havre AC
92%
2025-2026 Troyes
92%
2020-2021 Troyes
92%
2014-2015 Troyes
92%
2024-2025 Lorient
89%
2019-2020 Lorient
89%
2012-2013 AS Monaco
88%
2023-2024 Auxerre
82%
2016-2017 Strasbourg
81%
2017-2018 Reims
78%
2011-2012 SC bastia
77%
2001-2002 AC ajaccio
76%
2000-2001 Sochaux
76%
2010-2011 Évian thonon gaillard
74%
1999-2000 Lille
74%
2015-2016 Nancy
72%
2004-2005 Nancy
72%
2009-2010 SM Caen
72%
2021-2022 Toulouse FC
46%
2003-2004 AS Saint-Etienne
36%
2002-2003 Toulouse FC
24%
2005-2006 Valenciennes fc
15%
Aucun quiz correspondant
Distribution des résultats
% des personnes avec chaque résultat
Percentile par nombre de réponses
Votre historique - résultats
Vous n’avez pas pris ce quiz depuis la dernière actualisation